Normal view MARC view
  • Tariq, Sharoon

Entry Personal Name

Number of records used in: 1

001 - CONTROL NUMBER

  • control field: 125536

003 - CONTROL NUMBER IDENTIFIER

  • control field: NUST

005 - DATE AND TIME OF LATEST TRANSACTION

  • control field: 20240830102942.0

008 - FIXED-LENGTH DATA ELEMENTS

  • fixed length control field: 240830|| aca||aabn | a|a d

040 ## - CATALOGING SOURCE

  • Original cataloging agency: NUST
  • Transcribing agency: NUST

100 ## - HEADING--PERSONAL NAME

  • Personal name: Tariq, Sharoon

670 ## - SOURCE DATA FOUND

  • Source citation: Work cat.: (NUST): Tariq, Sharoon, Unleashing Digital Dreams: Pakistan’s Gig Economy/
© 2023 Central Library, National University of Sciences and Technology. All Rights Reserved.